California- White2115 - Statystyki

Ogólne statystyki
  • Ten quiz został rozwiązany 189 razy
  • Średni wynik to 9 z 15
Statystyki odpowiedzi
Hint Odpowiedź % Poprawnych
ze mną będzie zachód słóńca i...california
82%
kasa się wydaje i nawet mi nie szkoda
71%
Niech butelka nie ma końca Ze mną będzie zachód słońca
71%
energoli pełen karton ja przez miasto 160
69%
tracę zdrowie no bo palę
69%
chuj w mandaty ich nie płacę
66%
I chuj z tą ździrą ziomek Zaraz ci sprowadzę nowe
65%
przepiłem co miałem i zgadnij kurwa co
62%
Kocham to jak się dłużą dni I jest cholernie sucho w pył
59%
Pierdol nawigację bracie Przecież świetnie znam już drogę
56%
Mi tylko wino polej Lepiej niech nie widzą co jest
55%
To jak dziewczyny, budzą by Ruszyć gdzieś nad wodę
54%
szamę na wynos biorę mówią latynos chore
53%
Jadę po Californie bo dziś będzie American Pie
43%
Z radia "Guns N' Roses" W szyberdachu czuje wiatr
29%
Nie znaleziono quizów pasujących do podanych kryteriów
Rozkład punktacji
Procent ludzi z każdym wynikiem
Percentyl według liczby udzielonych odpowiedzi
Twoja historia wyników
Nie rozwiązałeś tego quizu